The Mastaba of Queen Mersyankh III, G7530-7540

محفوظ في:

المؤلف الرئيسي: Dows Dunham

مؤلفون آخرون: William Kelly Simpson - George Andrew Reisner

التنسيق: كتاب

اللغة: Undetermined

منشور في: Boston Department of Egyptian and Ancient Near Eastern Art. Museum of Fine Arts 1974

سلاسل: Giza mastabas, 1.

الموضوعات:

الوسوم: إضافة وسم

لا توجد وسوم, كن أول من يضع وسما على هذه التسجيلة!

رقم الطلب: (F) DT73 .G5 v.1

LEADER 01051nam a2200217Ia 4500
008 220904s9999||||xx |||||||||||||| ||und||
050 |a (F) DT73 .G5 v.1 
100 1 |a  Dows Dunham 
245 1 4 |a The Mastaba of Queen Mersyankh III, G7530-7540  |c Dows Dunham, William Kelly Simpson - George Andrew Reisner 
264 1 |a Boston  |b Department of Egyptian and Ancient Near Eastern Art. Museum of Fine Arts  |c 1974 
300 |a  v, 26 p., [49] p. de làm  |c 35cm 
490 0 |a  Giza mastabas, 1. 
500 |a A portada: "Based upon the excavations and recording of late George Andrew Reisner and William Stevenson Smith, Museum of Fine Arts--Harvard University Expedition."  
504 |a Includes bibliographical referencesn 
505 0 |a Arquitectura egípcia. 
650 4 |a Egipte -- Arqueologia. 
650 4 |a Tombes -- Egipte. 
700 1 |a William Kelly Simpson - George Andrew Reisner 
942 |2 lcc  |c BK 
952 |0 0  |1 0  |2 lcc  |3 V.1  |4 0  |7 1  |9 42688  |a ARCE  |b ARCE  |d 2022-09-04  |l 0  |o (F) DT73 .G5 v.1  |p 1018856  |r 2022-09-04 00:00:00  |w 2022-09-04  |y BK 
999 |c 49361  |d 49361